| 000 | 02473nam a2200469 a 4500 | ||
|---|---|---|---|
| 001 | ebr10456330 | ||
| 003 | CaPaEBR | ||
| 006 | m u | ||
| 007 | cr cn||||||||| | ||
| 008 | 050606s2005 ohua sb 001 0beng d | ||
| 010 | _z 2005015651 | ||
| 020 | _z0873388410 (alk. paper) | ||
| 020 | _z9780873388412 (alk. paper) | ||
| 020 | _z9781612774473 (e-book) | ||
| 040 |
_aCaPaEBR _cCaPaEBR |
||
| 035 | _a(OCoLC)608832404 | ||
| 043 |
_an-us--- _an-us-ma _an-mx--- |
||
| 050 | 1 | 4 |
_aE415.9.C98 _bB195 2005eb |
| 082 | 0 | 4 |
_a973.5/092 _aB _222 |
| 100 | 1 | _aBelohlavek, John M. | |
| 245 | 1 | 0 |
_aBroken glass _h[electronic resource] : _bCaleb Cushing & the shattering of the Union / _cJohn M. Belohlavek. |
| 260 |
_aKent, Ohio : _bKent State University Press, _cc2005. |
||
| 300 |
_axiv, 482 p. : _bill. |
||
| 490 | 1 | _aCivil War in the North | |
| 504 | _aIncludes bibliographical references and index. | ||
| 505 | 0 | _aThe view from High Street, 1800-1826 -- Foreign adventures and congressional ventures, 1827-1834 -- Whig star rising : the politics of antislavery, 1835-1837 -- Battling the British Lion and the American Fox, 1837-1840 -- Tyler and the Corporal's Guard, 1841-1843 -- The road to China, 1843-1844 -- The warrior of Manifest Destiny, 1845-1848 -- The doughface Democrat, 1848-1853 -- The powerbroker : attorney general, 1853-1857 -- The most unpopular man in New England, 1857-1861 -- From Massachusetts exile to Washington insider, 1861-1869 -- The diplomat reemerges, 1869-1879. | |
| 533 |
_aElectronic reproduction. _bPalo Alto, Calif. : _cebrary, _d2013. _nAvailable via World Wide Web. _nAccess may be limited to ebrary affiliated libraries. |
||
| 600 | 1 | 0 |
_aCushing, Caleb, _d1800-1879. |
| 610 | 1 | 0 |
_aUnited States. _bCongress. _bHouse _vBiography. |
| 650 | 0 |
_aLegislators _zUnited States _vBiography. |
|
| 650 | 0 |
_aPoliticians _zMassachusetts _vBiography. |
|
| 650 | 0 |
_aMexican War, 1846-1848 _vBiography. |
|
| 650 | 0 |
_aDiplomats _zUnited States _vBiography. |
|
| 650 | 0 |
_aDiplomats _zChina _vBiography. |
|
| 650 | 0 |
_aAttorneys general _zUnited States _vBiography. |
|
| 651 | 0 |
_aMassachusetts _xPolitics and government _y1775-1865. |
|
| 651 | 0 |
_aUnited States _xPolitics and government _y1815-1861. |
|
| 655 | 7 |
_aElectronic books. _2local |
|
| 710 | 2 | _aebrary, Inc. | |
| 830 | 0 | _aCivil War in the North. | |
| 856 | 4 | 0 |
_uhttp://site.ebrary.com/lib/rucke/Doc?id=10456330 _zAn electronic book accessible through the World Wide Web; click to view |
| 999 |
_c123270 _d123270 |
||